000
00319nam a22001217a 4500
040
_c
HS
082
_a
338
100
_a
វុន វ៉ារី
245
_a
សៀវភៅមេរៀនប្រព័ន្ធកសិកម្ម
260
_a
RUA
_b
វុន វ៉ារី
_c
2011
300
_a
50p.
942
_c
KB
999
_c
8693
_d
8693